Zwycięzcy Papież Cup (Ind.) - Papież Cup - Statystyki

Ogólne statystyki
  • Ten quiz został rozwiązany 29 razy
    7 od ostatniego zresetowania
  • Średni wynik to 37 z 59
Statystyki odpowiedzi
Sezon Zawodnik % Poprawnych
2021 Alex2323
83%
2022 carolyn_e
83%
2020 matius
83%
2023 matius
83%
2024 matius
83%
2073 matius
83%
2075 matius
83%
2072 Olos
83%
2069 Primoz
83%
2070 Primoz
83%
2076 Primoz
83%
2019 Siergiej Tkaczenko
83%
2028 Alex2323
67%
2039 Araxe
67%
2027 Bucu
67%
2033 carolyn_e
67%
2071 Janszy
67%
2062 kamlimakpl
67%
2043 Kubys
67%
2047 Kubys
67%
2058 Kubys
67%
2060 Kubys
67%
2030 Lech Wałęsa
67%
2031 matius
67%
2038 Mumin
67%
2057 Naruku
67%
2059 Naruku
67%
2061 Naruku
67%
2077 Naruku
67%
2025 Pawlowsky
67%
2026 Pawlowsky
67%
2029 Primoz
67%
2035 Primoz
67%
2037 Primoz
67%
2041 Vlad Saranović
67%
2036 worldshowoff
67%
2066 Bobert Szlafmyca
50%
2044 garwo
50%
2049 Hubibibi
50%
2054 kolejorzek
50%
2051 Kubys
50%
2063 Kubys
50%
2065 Kubys
50%
2048 Masterson
50%
2040 Matius
50%
2046 Matius
50%
2055 matius
50%
2064 Matius
50%
2067 matius
50%
2068 Naruku
50%
2045 Primoz
50%
2052 Primoz
50%
2053 Primoz
50%
2034 seed
50%
2074 Tajkos
50%
2042 Vlad Saranović
50%
2032 worldshowoff
50%
2056 worldshowoff
50%
2050 Jurij Gagarin
33%
Nie znaleziono quizów pasujących do podanych kryteriów
Rozkład punktacji
Procent ludzi z każdym wynikiem
Percentyl według liczby udzielonych odpowiedzi
Twoja historia wyników
Nie rozwiązałeś tego quizu od ostatniego zresetowania